000 01661nam a2200409 a 4500
001 ebr10133162
003 CaPaEBR
006 m u
007 cr cn|||||||||
008 060210s2006 enka fsb 001 0 eng
010 _z 2006295394
015 _aGBA555331
_2bnb
016 7 _z013240904
_2Uk
020 _z1850438153 (hbk.)
020 _z1850438382 (pbk.)
040 _aCaPaEBR
_cCaPaEBR
035 _a(OCoLC)67529427
043 _an-us---
050 1 4 _aPN1995.9.M46
_bC43 2006eb
082 0 4 _a791.430973
_222
100 1 _aChopra-Gant, Mike.
245 1 0 _aHollywood genres and postwar America
_h[electronic resource] :
_bmasculinity, family and nation in popular movies and film noir /
_cMike Chopra-Gant.
260 _aLondon ;
_aNew York :
_bI.B. Tauris Pub. ;
_aNew York :
_bDistributed in the U.S. by Palgrave Macmillan,
_c2006.
300 _ax, 219 p. :
_bill.
490 1 _aCinema and society series
504 _aIncludes bibliographical references (p. [194]-214) and index.
533 _aElectronic reproduction.
_bPalo Alto, Calif. :
_cebrary,
_d2013.
_nAvailable via World Wide Web.
_nAccess may be limited to ebrary affiliated libraries.
650 0 _aMasculinity in motion pictures.
650 0 _aMen in motion pictures.
650 0 _aFamilies in motion pictures.
650 0 _aMotion pictures
_zUnited States.
650 0 _aFilm noir
_zUnited States
_xHistory and criticism.
655 7 _aElectronic books.
_2local
710 2 _aebrary, Inc.
830 0 _aCinema and society.
856 4 0 _uhttp://site.ebrary.com/lib/rucke/Doc?id=10133162
_zAn electronic book accessible through the World Wide Web; click to view
999 _c183027
_d183027